| 000 | 00448nam a2200121Ia 4500 | ||
|---|---|---|---|
| 008 | 160712s9999 xx 000 0 und d | ||
| 100 | _aRoy, Babul. | ||
| 245 |
_cBabul Roy _aMicrolithic Sites of Mandla (Madhya Pradesh: India) and the Problem of Schematic Generalisation in Prehistoric Archaeology |
||
| 260 |
_c2012 _bHukay |
||
| 300 | _avol. 17 | ||
| 650 | _xARCHAEOLOGY | ||
| 856 | _uhttp://journals.upd.edu.ph/index.php/asp/issue/view/422/showToc | ||
| 999 |
_c297391 _d297391 |
||